El sindicalismo universitario en el inicio de los noventas /

Uloženo v:
Podrobná bibliografie
Hlavní autor: Woldenberg, José
Médium: Text
Témata:
Tagy: Přidat tag
Žádné tagy, Buďte první, kdo vytvoří štítek k tomuto záznamu!

MARC

LEADER 00000 a a2200000 04500
001 7728
003
040
100 |a Woldenberg, José  
245 |a El sindicalismo universitario en el inicio de los noventas /  |c José Woldenberg 
650 |a SINDICATOS  
650 |a UNIVERSIDADES  
650 |a NEGOCIACION COLECTIVA  
650 |a MEXICO  
773 |g número 3; páginas 105-133  
999 |c 25241  |d 25241